000 006830000a22002410004500
003 LK-CoMWRAF
005 20231127135854.0
008 230817t1995 ||||| |||| 00| 0 eng d
040 _aLK-CoMWRAF
_dLK-CoMWRAF
_eLK-CoMWRAF
041 _aeng
082 _a364.153
_bHEI
100 _aHeise, Lori
245 _aSexual coercion and reproductive health:
_ba focus on research
260 _aNew York:
_bPopulation Council,
_c1995
300 _a59 p.
_bBibliography included
650 _aSEXUAL COERCION
650 _aWomen, crimes against
650 _aReproductive health
650 _aSexual harassment
700 _aMoore, Kirsten
700 _aToubia, Nahid
942 _cRP
999 _c1903
_d1903